banner koha

Sistema de controle das pragas do algodoeiro para a regiao centro-sul do Brasil [Gossypium hirsutum; Broca; Trips; Pulgao; Curuquere; Acaro; Lagarta; Percevejo; Defensivo] (Registro n. 269656)

MARC details
000 -LÍDER
campo de controle de tamanho fixo 01390nac a22004577a 4500
001 - NÚMERO DE CONTROLE
campo de controle BR7905792
003 - IDENTIFICADOR DO NÚMERO DE CONTROLE
campo de controle BR-BrBNA
005 - DATA E HORÁRIO DA ÚLTIMA TRANSAÇÃO
campo de controle 20240105114506.0
008 - CAMPO DE DADOS FIXOS--INFORMAÇÃO GERAL
campo de controle de tamanho fixo 230509b bl.|||m| |||| 00| 0 por d
040 ## - FONTE DA CATALOGAÇÃO
Instituição da catalogação original BR-BrBNA
Idioma da catalogação por
Instituição que transcreveu o registro Biblioteca Nacional de Agricultura
072 ## - CÓDIGO DE CATEGORIA DE ASSUNTO
Código de Categoria de Assunto H10
090 ## - NÚMERO DE CHAMADA LOCAL
Número de chamada 0430 BR7905792
100 1# - ENTRADA PRINCIPAL--NOME PESSOAL
Nome pessoal Bleicher, E.
100 1# - ENTRADA PRINCIPAL--NOME PESSOAL
Nome pessoal Silva, A.L. da
100 1# - ENTRADA PRINCIPAL--NOME PESSOAL
Nome pessoal Calcagnolo, G.
100 1# - ENTRADA PRINCIPAL--NOME PESSOAL
Nome pessoal Nakano, O.
100 1# - ENTRADA PRINCIPAL--NOME PESSOAL
Nome pessoal Freire, E.C.
100 1# - ENTRADA PRINCIPAL--NOME PESSOAL
Nome pessoal Santos, W.J. dos
100 1# - ENTRADA PRINCIPAL--NOME PESSOAL
Nome pessoal Ferreira, L.
100 1# - ENTRADA PRINCIPAL--NOME PESSOAL
Nome pessoal Jin, T.
110 1# - ENTRADA PRINCIPAL--NOME CORPORATIVO
Nome corporativo ou nome da jurisdição Centro Nacional de Pesquisa do Algodao, Campina Grande, PB (Brasil)
9 (RLIN) 1702
245 1# - TÍTULO
Título Sistema de controle das pragas do algodoeiro para a regiao centro-sul do Brasil [Gossypium hirsutum; Broca; Trips; Pulgao; Curuquere; Acaro; Lagarta; Percevejo; Defensivo]
260 3# - PUBLICAÇÃO, DISTRIBUIÇÃO, ETC.
Local de publicação, distribuição, etc. Campina Grande, PB (Brasil):
Data da publicação, distribuição, etc. 1979.
300 ## - DESCRIÇÃO FÍSICA
Extensão 21 p.
490 ## - TÍTULO DA SÉRIE
Título da série Circular Tecnica - Centro Nacional de Pesquisa do Algodao (Brazil)
Número do volume ou designação sequencial da série no. 2
ISSN - International Standard Serial Number
500 ## - NOTA GERAL
Nota geral 10 tables
650 ## - ASSUNTO--TERMO TÓPICO
Cabeçalho tópico ou nome geográfico Praga de planta
650 ## - ASSUNTO--TERMO TÓPICO
Cabeçalho tópico ou nome geográfico Algodao
650 ## - ASSUNTO--TERMO TÓPICO
Cabeçalho tópico ou nome geográfico Broca
650 ## - ASSUNTO--TERMO TÓPICO
Cabeçalho tópico ou nome geográfico Trips
650 ## - ASSUNTO--TERMO TÓPICO
Cabeçalho tópico ou nome geográfico Pulgao
650 ## - ASSUNTO--TERMO TÓPICO
Cabeçalho tópico ou nome geográfico Curuquere
650 ## - ASSUNTO--TERMO TÓPICO
Cabeçalho tópico ou nome geográfico Acaro
650 ## - ASSUNTO--TERMO TÓPICO
Cabeçalho tópico ou nome geográfico Lagarta
650 ## - ASSUNTO--TERMO TÓPICO
Cabeçalho tópico ou nome geográfico Percevejo
650 ## - ASSUNTO--TERMO TÓPICO
Cabeçalho tópico ou nome geográfico Defensivo
650 ## - ASSUNTO--TERMO TÓPICO
Cabeçalho tópico ou nome geográfico Controle quimico
650 ## - ASSUNTO--TERMO TÓPICO
Cabeçalho tópico ou nome geográfico Centro-Sul
909 ## -
-- 202312
-- Lúcia Elande
-- 55
-- Lúcia Elande
942 ## - ELEMENTOS DE ENTRADA ADICIONADOS (KOHA)
Fonte da classificação ou esquema de arquivamento na estante Classificação AGRIS
Ocultar no OPAC Não
Tipo de material Koha Monografia Seriada
Exemplares
Situação do descarte Fonte da classificação ou esquema de arquivamento na estante Situação física Não pode ser emprestado Coleção Biblioteca de origem Biblioteca atual Localização na estante Total de empréstimos Número de telefone completo Código de barras Data de último acesso Tipo de material Koha Fonte de aquisição
  Classificação AGRIS       Biblioteca Nacional de Agricultura - Binagri Biblioteca Nacional de Agricultura - Binagri Agrobase - Acervo Geral   0430 BR7905792 0430 BR7905792 18/12/2023 Monografia Seriada Portaria Interministerial nº 164/94

BINAGRI

Telefone: (61)3218-2567/2388/3357/2097 - binagri@agro.gov.br

Ministério da Agricultura e Pecuária , Esplanada dos Ministérios, Bloco D, Anexo B, Brasília/DF, CEP: 70.043-900